| 000 | 00343nam a2200133Ia 4500 | ||
|---|---|---|---|
| 008 | 190216s9999||||xx |||||||||||||| ||und|| | ||
| 100 | _a"Prof A.P. Krishnan,K.K.Asokan" | ||
| 245 | 0 | _aBusiness Communication | |
| 250 | _a1st Ed. | ||
| 260 |
_bCalicut University Central Co-Operative _c2006 |
||
| 300 | _a360 | ||
| 650 | _aCommerce | ||
| 942 | _cBK | ||
| 999 |
_c8181 _d8181 |
||